| 000 | 01088nam a2200337 4500 | ||
|---|---|---|---|
| 001 | 44383 | ||
| 003 | ES-MaCES | ||
| 005 | 20150925135702.0 | ||
| 008 | 140211s2013 uk s |||||||||||||eng|spa|d | ||
| 020 | _a9780415686624 (hbk) | ||
| 020 | _a9780415686631 (pbk) | ||
| 020 | _a9780203766644 (ebk) | ||
| 040 |
_aES-MaCES _bspa _cES-MaCES |
||
| 245 | 0 | 0 |
_aComparative employment relations in the global economy _cedited by Carola Frege and John Kelly |
| 250 | _a1st ed | ||
| 260 |
_aLondon _aNew York _bRoutledge _c2013 |
||
| 300 |
_aXXIII, 459 p. _c24 cm |
||
| 541 | _cCompra | ||
| 650 | 4 |
_930040 _acondiciones de empleo |
|
| 650 | 4 |
_928362 _anegociación colectiva |
|
| 650 | 4 |
_930653 _aglobalización económica |
|
| 650 | 4 |
_930609 _anorma internacional del trabajo |
|
| 650 | 4 |
_928846 _aestudio de casos |
|
| 650 | 4 |
_928892 _acomparación |
|
| 653 | 1 | 0 | _aRelaciones laborales-Empleo |
| 650 | 4 |
_928369 _arelaciones laborales |
|
| 700 | 1 |
_912393 _aFrege, Carola M. _eed. lit. |
|
| 700 | 1 |
_915731 _aKelly, John _eed. lit. |
|
| 902 | _aLIB Libro | ||
| 942 |
_2CES _cBK _h2.0. |
||
| 999 |
_c44383 _d44383 |
||